LEADER 01446nam 2200409 450 001 000012506 005 20070503173200.0 010 $a88-430-1801-9 100 $a20030423d2001----km-y0itay0103----ba 101 0 $aita 102 $aIT 200 1 $aIntroduzione alla lingua poetica italiana$fLuca Serianni 200 1 $a1 $n0002437 210 $aRoma$cCarocci$d2001 215 $a280 p.$d22 cm. 225 2 $aUniversità$iLingua e letteratura italiana$v281 410 0$12001$aUniversità$v281 606 $aLingua italiana$xGrammatica storica 606 $aPoesia italiana$xLingua$xStoria 676 $a455.09$v(21. ed.)$9Lingua italiana. Grammatica. Storia, geografia, persone 700 1$aSerianni,$bLuca$09730 801 0$aIT$bUniversità della Basilicata - B.I.A.$gRICA$2unimarc 912 $a000012506 996 $aIntroduzione alla lingua poetica italiana$978820 997 $aUNIBAS BAS $aMONLET BAS $aLETTERE CAT $aSTD020$b01$c20030423$lBAS01$h1328 CAT $aDILEO$b21$c20030702$lBAS01$h1614 CAT $c20050601$lBAS01$h1755 CAT $abatch$b01$c20050718$lBAS01$h1051 CAT $c20050718$lBAS01$h1110 CAT $c20050718$lBAS01$h1140 CAT $c20050718$lBAS01$h1155 CAT $aBATCH$b00$c20070503$lBAS01$h1732 FMT Z30 -1$lBAS01$LBAS01$mBOOK$1BASA1$APolo Storico-Umanistico$2DSLF$BCollezione DiSLF$3DF/6422$66422$5F6422$820030423$f04$FPrestabile Didattica LEADER 01464nam a2200301 i 4500 001 991003885609707536 005 20020509133815.0 008 000220s1975 it 000 0 ita d 035 $ab11229457-39ule_inst 035 $aPARLA190572$9ExL 040 $aDip.to Filosofia$bita 082 0 $a805 100 1 $aFerretti, Gian Carlo$0125857 245 10$aOfficina :$bcultura, letteratura e politica negli anni cinquanta :$bsaggio introduttivo, antologia della rivista, testi inediti e apparati /$c[a cura di] Gian Carlo Ferretti 260 $aTorino :$bEinaudi,$c1975 300 $aIX, 496 p. ;$c22 cm 490 0 $aSaggi [Einaudi] ;$v548 650 4$aOfficina$xAntologie 907 $a.b11229457$b23-02-17$c01-07-02 912 $a991003885609707536 945 $aLE008 Cr E III 17$g1$i2008000211646$lle008$o-$pE0.00$q-$rl$s- $t0$u1$v0$w1$x0$y.i12291067$z01-04-03 945 $aLE005IF XXXV D 18$g1$i2005000119972$lle005$o-$pE0.00$q-$rl$s- $t0$u0$v0$w0$x0$y.i1138475x$z01-07-02 945 $aLE002 Dir. IV L 13$g1$i2002000972958$lle002$o-$pE0.00$q-$rl$s- $t0$u0$v0$w0$x0$y.i10627273$z27-06-02 945 $aLE022 MP 69 D 23$g1$i2022000055567$lle022$o-$pE0.00$q-$rl$s- $t0$u0$v0$w0$x0$y.i13129168$z15-03-04 945 $aLE022 MPs-S 117 D 25$g2$i2022000173100$lle022$o-$pE0.00$q-$rl$s- $t0$u0$v0$w0$x0$y.i1388007x$z23-09-04 996 $aOfficina$9867303 997 $aUNISALENTO 998 $ale008$ale005$ale002$ale022$b01-01-00$cm$da $e-$fita$git $h0$i4